Paroles - A la base - PLK - avec ponts - Statistiques

Statistiques générales
  • Ce quiz a été pris 108 fois
  • Le résultat moyen est 529 sur 1004
Statistiques - réponses
Paroles % Correct
?
100%
:
100%
;
100%
,
100%
À
97%
à
97%
a
97%
base,
95%
basse
95%
la
95%
95%
('la),
95%
La
95%
le
92%
Le
92%
on
92%
On
92%
'on
92%
de
91%
les
91%
Les
91%
s'en
91%
couilles
88%
des
86%
Des
86%
dès
86%
battait
82%
me,
82%
Grand
80%
rien,
80%
rien
80%
voulait
80%
impressionner
75%
pas
75%
pour
75%
grands,
74%
il
74%
scores,
74%
au
72%
(au
72%
ces
72%
comme
72%
juste
72%
ventes
72%
par
71%
qui
71%
c'est
69%
Coluche
69%
con
69%
et
69%
Et
69%
si
69%
Si
69%
ils
68%
Ils
68%
mec,
68%
part
68%
part,
68%
que
68%
Tu
68%
(tu
68%
tu
68%
bras
66%
être
66%
p'tit
66%
P'tit
66%
p’tit
66%
sous
66%
sous,
66%
Un
66%
un
66%
vérité,
66%
vont
66%
Y
66%
y
66%
crever
65%
mecs
65%
mecs,
65%
nos
65%
quand
65%
Quand
65%
rester
65%
ballants,
63%
connus,
63%
en
63%
En
63%
l'écran
63%
mais
63%
Mais
63%
marrant
63%
sur
63%
sûr
63%
ta
63%
du
62%
Du
62%
Elles
62%
elles
62%
mal
62%
ai
60%
finir
60%
leur
60%
même
60%
même.
60%
mon
60%
m'tuer
60%
seul
60%
bon
58%
ça
58%
Ça
58%
ça,
58%
j'dis
58%
j'sais
58%
J'sais
58%
kiffent
58%
leurs
58%
moi
58%
moi,
58%
parents,
58%
sœurs
58%
ambition
57%
Aucune
57%
bizarres
57%
d'eau
57%
n'a
57%
p'tites
57%
réfléchit
57%
temps
57%
temps.
57%
changent,
55%
mentalités
55%
ramener
55%
ton
55%
va
55%
aime
54%
complexent
54%
deux
54%
fais
54%
j'ai
54%
J'ai
54%
jamais
54%
j'prends
54%
plus
54%
pollen,
54%
refusent
54%
gens
52%
partent
52%
seules
52%
voix
52%
ans,
51%
argent
51%
aura
51%
C'était
51%
c'était
51%
content
51%
d'la
51%
fait
51%
gain
51%
j'fumais
51%
j'suis
51%
J'suis
51%
longtemps,
51%
l'volant
51%
nous
51%
Nous
51%
nous,
51%
pleurera
51%
puis,
51%
qu'on
51%
une
51%
chauffe,
49%
dans
49%
Dans
49%
d'cause
49%
dents
49%
depuis,
49%
Depuis,
49%
depuis
49%
disais
49%
d'un
49%
font
49%
force,
49%
forcé
49%
mes
49%
seize
49%
serré
49%
trois
49%
énervé
48%
48%
Ou
48%
ou
48%
plein
48%
s'ils
48%
avec
46%
Avec
46%
Cristalline
46%
Fnac
46%
fois,
46%
frère,
46%
jaune,
46%
j'étais
46%
keuf,
46%
l'mec
46%
ont
46%
qu'tu
46%
triste,
46%
truc
46%
alors
45%
CD,
45%
clopes,
45%
dalle,
45%
donne
45%
j'enfume
45%
j'mettais
45%
Kat
45%
Kit
45%
mains.
45%
misère,
45%
qu't'avais
45%
s'voit
45%
tacles
45%
tout
45%
t'rappelles
45%
t'rappelles)
45%
vida,
45%
aux
43%
d'choses
43%
d'doutes
43%
Gros
43%
gros
43%
gros,
43%
Gros,
43%
j'passe
43%
l'épic',
43%
l'habitacle
43%
met
43%
t'es
43%
tes
43%
v'là
43%
arme
42%
faire
42%
frères
42%
J'détournais
42%
meuf
42%
mois
42%
mois...
42%
mois,
42%
peut
42%
pilons,
42%
profite
42%
salam
42%
bâtards,
40%
condé.
40%
Nan
40%
police
40%
police,
40%
qu'un
40%
vie,
40%
vie
40%
dit'
38%
dit
38%
d'tout
38%
faut
38%
heures
38%
l'monde,
38%
l'monde
38%
n'avait
38%
qu'devant
38%
sans
38%
aussi,
37%
aussi
37%
barrettes.
37%
j'avais
37%
J'fais
37%
j'fais
37%
moins...
37%
moins
37%
peur
37%
quatre
37%
rue,
37%
she-fla,
37%
stup'
37%
veut
37%
bah
35%
belle
35%
bien
35%
chez
35%
colle,
35%
m'offrait
35%
n'entend
35%
'non'
35%
pute
35%
d'école
34%
d'enfance
34%
d'mon
34%
d'personne
34%
est
34%
fume
34%
GAV
34%
huit
34%
Huit
34%
J'aime
34%
j'aime
34%
kiffer
34%
l'école
34%
mini
34%
photos
34%
poto
34%
problème
34%
problème.
34%
sape
34%
sourire,
34%
sport,
34%
stud'
34%
toi,
34%
toi
34%
achète
32%
berceau
32%
Canada
32%
Canada)
32%
clips
32%
concerts
32%
confiance
32%
côtes
32%
défoncé
32%
dehors
32%
d'vacances
32%
équipe
32%
fille
32%
jeunes
32%
j'finirai
32%
j'parle
32%
juges,
32%
j'vais
32%
J'vais
32%
lui
32%
milli'
32%
n'appelle
32%
Ouais,
32%
ouais,
32%
perso',
32%
pris
32%
profs,
32%
psy,
32%
qu'j'ai
32%
quoi
32%
rêve
32%
sors
32%
sous-marin,
32%
tombe
32%
trop
32%
Trop
32%
aide-soignant...
31%
avance
31%
avance,
31%
avis
31%
cartable
31%
coma
31%
condés
31%
danse
31%
d'compte
31%
dira
31%
ferme
31%
fond
31%
forcément
31%
France
31%
goûter
31%
guerrier,
31%
ients-cli,
31%
Joconde
31%
l'rrain-te,
31%
m'aider
31%
million
31%
nana
31%
putain
31%
qu'le
31%
respecte
31%
soif,
31%
torche
31%
vendent
31%
vite
31%
aiguisé
29%
but,
29%
('cher),
29%
combien
29%
coups
29%
culs
29%
d'affection,
29%
flingues,
29%
impulsif,
29%
joues
29%
j'préfère
29%
l'caviar,
29%
l'plancher
29%
manque
29%
métier,
29%
priorités,
29%
règlements
29%
salarié
29%
tarama
29%
zéro,
29%
carré
28%
concentration
28%
d'as
28%
défaite,
28%
défauts
28%
deux-trois
28%
dos
28%
eux,
28%
grand-frère,
28%
gratuit,
28%
gratuit
28%
J'aurais
28%
l'équipe,
28%
l'produit
28%
miettes
28%
Niveau
28%
oublié
28%
pendant
28%
p't-être
28%
qu'ça
28%
seum
28%
sin-cou,
28%
soucis
28%
t'as
28%
T'as
28%
trucs
28%
victoire,
28%
voir
28%
abdos,
26%
avant,
26%
bouffer,
26%
caleçon
26%
cas
26%
comptes,
26%
dangereux...
26%
d'l'amour
26%
d'occasion
26%
Donc
26%
j'mets
26%
J'mets
26%
j'réfléchis
26%
j'repense
26%
l'air
26%
m'arrêter
26%
n'est
26%
parles
26%
re-frè
26%
riches
26%
rond
26%
rond,
26%
s'apprend,
26%
serein,
26%
t'emmerdes
26%
tourne
26%
croit
25%
d'chichi,
25%
d'couteau,
25%
détaille
25%
d'fil,
25%
d'musique
25%
eh,
25%
Eh,
25%
ère
25%
esquive
25%
fautes,
25%
j'évite
25%
j'monte
25%
j'vis
25%
marée
25%
montagnes
25%
nationale,
25%
paro,
25%
pompes,
25%
p'tits
25%
qu'une
25%
shit,
25%
shtar,
25%
Baisse
23%
choper
23%
cogite
23%
compris,
23%
crabes
23%
écoute
23%
êtres
23%
faits,
23%
garde,
23%
Ici,
23%
j'conduis,
23%
J'leur
23%
l'estime
23%
L'OPJ
23%
m'apaise
23%
perdu
23%
raconte
23%
tit-pe,
23%
Vivre
23%
d'effort
22%
d'l'agua
22%
j'crois
22%
j't'explique
22%
kick
22%
L'art,
22%
merde,
22%
nage
22%
Outillé
22%
Räikkönen
22%
Rif
22%
route,
22%
sortent
22%
te-shi
22%
t'soulever
22%
vas
22%
vingt
22%
fort,
20%
l'enfance,
20%
marrer
20%
mettre
20%
placer.
20%
prix
20%
rapper
20%
récolter
20%
Tekken,
20%
vaut
20%
vient
20%
vous
20%
zip
20%
chers
18%
d'l'escrime,
18%
d'puis
18%
gants,
18%
hey,
18%
l'même
18%
mourir
18%
t’opères
18%
6.35,
17%
crawl,
17%
d'se
17%
frérots,
17%
municipale...
17%
roue,
17%
sent
17%
s'mettent
17%
teau-gâ
17%
T'inquiète,
17%
vif
17%
Belvé',
15%
coke,
15%
concu'
15%
d'frérots
15%
endort
15%
l'sourire
15%
MD,
15%
r'cule
15%
Valhalla
15%
beldi',
14%
c'délire
14%
d'Subaru
14%
fouilles
14%
fous
14%
machin,
14%
pointe
14%
sois
14%
m'entretenir,
12%
per-cho
12%
sont
12%
êtes
11%
s'per-ta
11%
sses-f',
11%
t'trancher
11%
be-her
9%
cartouches,
9%
d'Andorre
9%
déterminé,
9%
diamanté
9%
l'9
9%
t'pister
9%
zetla
9%
cartons
8%
c'ment-dou,
8%
'Crick,
8%
Defoe
8%
descend
8%
d'LAZAC,
8%
sérieux,
8%
Eazy-E,
6%
Jermain
6%
Lee
6%
pah'
6%
r'monte
6%
ah
5%
Myriam
5%
dis-leur,
3%
Heezy
3%
Soumaré
3%
Aucun quiz correspondant
Distribution des résultats
% des personnes avec chaque résultat
Percentile par nombre de réponses
Votre historique - résultats
Vous n’avez pas pris ce quiz